000 00325nam a22001337a 4500
008 171002b xxu||||| |||| 00| 0 eng d
020 _a9781561343140
041 _aeng
080 _a37
100 _a47
101 _aEDU
245 _aSOURCES NOTABLE SELECTION IN SOCIAL PHYCHOLOGY
_cPETTIJOHN.T.E
942 _2udc
_cBK
999 _c31047
_d31047